| 000 | 01449 a2200277 4500 | ||
|---|---|---|---|
| 003 | Nust | ||
| 005 | 20221021102302.0 | ||
| 010 | _a 96006023 | ||
| 020 | _a0841233926 | ||
| 040 | _cNust | ||
| 082 | 0 | 0 | _a620.5,RAT |
| 100 |
_aRatner,Mark _9101072 |
||
| 245 | 0 | 0 |
_aNanotechnology : _bA gentle Introduction to the Next Big Idea / _cMark ratner and Daniel Ratner |
| 260 |
_a India _bPearson Education _c2003. |
||
| 300 |
_aix, 188p. : _bill. ; _c23 cm. |
||
| 440 | 0 |
_aACS symposium series, _v622 _9101073 |
|
| 505 | _aIntroducing Nano (Page-1), Size Matters (Page-11), Interlude One The Fundamental Science Behind Nanotechnology (Page-19), Interlude Tow Tools of the Nanoscience (Page-37), Points and Places of Interest The Grand Four (Page-63), Smart Materials (Page-83), Sensors (Page-97), Biomedical Applications (Page-107), Optics and Electronics (Page-1231), Nonobusiness (Page-141), Nanotechnology and you (Page-153). | ||
| 650 | 0 | _aNanostructured materials. | |
| 700 | 1 |
_aChow, Gan-Moog, _d1957- _9101074 |
|
| 700 | 1 |
_aGonsalves, Kenneth E. _9101075 |
|
| 710 | 2 |
_aAmerican Chemical Society. _bDivision of Polymeric Materials: Science and Engineering. _9101076 |
|
| 710 | 2 |
_aAmerican Chemical Society. _bMeeting _9101077 |
|
| 856 | 4 | 2 |
_3Publisher description _uhttp://www.loc.gov/catdir/enhancements/fy0605/96006023-d.html |
| 856 | 4 | 2 |
_3Table of contents only _uhttp://www.loc.gov/catdir/enhancements/fy0605/96006023-t.html |
| 942 |
_2ddc _cBK |
||
| 999 |
_c182977 _d182977 |
||